00568cam a22001457a 4500008004000000082002200040245003600062260002500098300001100123500002900134650005200163999001900215952009400234952009400328180718b1967 xxu||||| |||| 00| 0 eng d aB7303x5422 M264 2 aMadhya pradesh municipal manual aIndorebWadhwac1967 av,208p aLibrary has two volumes. aMunicipal corporations --Madhya Pradesh, India. c416088d416088 00104070aIIPAbIIPAd2009-03-12oB7303x5422 M264 2pDA1204r2018-07-21w2018-07-21yDA 00104070aIIPAbIIPAd2009-03-12oB7303x5422 M264 2pDA1203r2018-07-21w2018-07-21yDA